000 00660nam a2200217 i 4500
001 92734
003 ES-MaACL
005 20230906181039.0
007 t|
008 050425s1998 sp ||||1| spa d
020 _a84-89770-44-1
080 _a577.2
080 _a616-053.1
245 0 0 _aCiencia y sociedad
_b: grandes temas de las ciencias de la vida.
260 _a[Madrid] :
_bFundación Central Hispano ;
_aOviedo :
_bNobel,
_c[1998]
300 _a257 p. :
_bil. ;
_c25 cm.
650 4 _aBiología molecular.
_910589
650 1 4 _aGenética médica.
_913062
710 2 _aFundación Central Hispano.
_94249
852 _aES-MaACL
_jE-11036
_bR.134955
999 _c92734
_d92734